Österreichische Marken - Lebensmittel - Statistiken

Allgemein
  • Dieses Quiz wurde 34 mal gespielt
  • Das Durchschnittsergebnis liegt bei 13 aus 30
Antwortstatistiken
Produkt Marke / Hersteller % Korrekt
Kräuterlimonade Almdudler
86%
Energydrink Red Bull
86%
Neapolitaner-Schnitten Manner
79%
Salzstangerl Soletti
72%
Speiseeis (u.a. Jolly, Twinny) Eskimo
69%
Eistee / Fruchtsäfte Rauch
66%
Marmelade Darbo
62%
Ketchup Felix
59%
Chips Kelly's
59%
Schoko-Banane / Rumkugeln Casali
52%
Fruchtmolke Lattella
52%
Gewürzgurken Efko
45%
Teigwaren (Nudeln) Recheis
41%
Gewürze Kotányi
38%
Eiswaffeln / Tortenecken Auer
34%
Fertiggerichte (Dosen) Inzersdorfer
34%
Kaffee Julius Meinl
31%
Bonbon-Spender PEZ
31%
Schmelzkäse (Eckerl) Rupp / Woerle
31%
Limonade in bunten Flaschen mit Drehverschluss Dreh und Trink
28%
Eistee / Fruchtsäfte Pfanner
28%
Sportgummi Egger
24%
Schokoschirmchen / Katzenzungen Küfferle
24%
Senf / Essig Mautner Markhof
24%
Schwedenbomben Niemetz
24%
Sauermilch mit Fruchtzusatz Fru Fru
21%
Kräuterschnaps Gurktaler
21%
Gabelbissen / Aufstrich Wojnar
21%
Kondensmilch Maresi
17%
Dragee Keksi Napoli
17%
Keine übereinstimmenden Quizze gefunden
Verteilung der Resultate
Anzahl Personen mit jedem Resultat
Perzentil nach korrekt beantworteten Fragen
Ihre Resultats-Entwicklung
Sie haben dieses Quiz noch nicht gespielt